00859nam a2200265 i 4500001000300000003000400003005001700007008003900024015001700063020001500080040001400095041001300109080001200122080000900134100002200143245008000165246004800245260005500293300002600348655001700374650003000391710004100421700003400462856009700496bgBPK20200212103048.0970510s1993 pl f f |000 0 pol aPB 1993/6620 a8320416124 aWA NcBPK1 apolhfre a004.438 a(07)1 aDelannoy, Claude.10aĆwiczenia z języka C /cClaude Delannoy ; z fr. przeł. Marian Łakomy.1 iTyt. oryg.:aExercices en langage C,f1993. aWarszawa :bWydawnictwa Naukowo-Techniczne,c1993. a195, [1] s. ;c24 cm. 4aPodręcznik 4aC (język programowania)2 aWydawnictwa Naukowo-Techniczne4pbl.1 aŁakomy, MarianeTłumaczenie uhttp://koha.tu.koszalin.pl/cgi-bin/koha/opac-detail.pl?biblionumber=6619yKatalog online BPK